[Event "BCF-chT4 0506 (4NCL)"]
[Site "West Bromwich"]
[Date "2006.03.19"]
[Round "8.6"]
[White "Irving, Alastair"]
[Black "Compston, Michael"]
[Result "0-1"]
[WhiteElo "1545"]
[BlackElo "1895"]
[PlyCount "92"]
[EventDate "2005.11.05"]
[EventType "team"]
[EventRounds "11"]
[EventCountry "ENG"]
[SourceTitle "CBM 109 Extra"]
[Source "ChessBase"]
[SourceDate "2006.01.03"]
[SourceVersion "2"]
[SourceVersionDate "2006.01.03"]
[SourceQuality "1"]
[WhiteTeam "Braille Chess Association"]
[BlackTeam "3CS Oldham II"]
[WhiteTeamCountry "ENG"]
[BlackTeamCountry "ENG"]

1. e4 d5 2. exd5 Qxd5 3. Nc3 Qa5 4. d4 c6 5. Nf3 Nf6 6. Ne5 Bf5 7. Bd3 Bg6 8. 0-0 e6 9. Bf4 Qd8 10. Nf3 Nbd7 11. Qe2 Nb6 12. Rfd1 Nbd5 13. Nxd5 Nxd5 14. Bd2 Be7 15. c4 Nf6 16. b4 Bxd3 17. Qxd3 0-0 18. a4 Qc7 19. b5 c5 20. dxc5 Rfd8 21. Qe2 Bxc5 22. Bg5 Rxd1+ 23. Rxd1 Ng4 24. Bh4 a6 25. Bg3 Qa5 26. h3 Nh6 27. Rd7 Nf5 28. Be5 Qxa4 29. Rxb7 Bd6 30. b6 Qc6 31. Bxd6 Qxb7 32. c5 Nxd6 33. cxd6 Qxb6 34. Qd3 Qb5 35. Qd4 Qd5 36. Qb6 g6 37. Qc7 a5 38. Qe7 h6 39. d7 Kg7 40. Ne5 Qxe5 41. d8Q Rxd8 42. Qxd8 Qa1+ 43. Kh2 a4 44. Qa5 a3 45. Kg3 a2 46. Kf4 Qc1+ 0-1

[Event "BCF-chT4 0506 (4NCL)"]
[Site "West Bromwich"]
[Date "2005.11.05"]
[Round "1.6"]
[White "Compston, Michael"]
[Black "Griffiths, Hywel"]
[Result "1-0"]
[WhiteElo "1895"]
[BlackElo "1755"]
[PlyCount "69"]
[EventDate "2005.11.05"]
[EventType "team"]
[EventRounds "11"]
[EventCountry "ENG"]
[SourceTitle "CBM 109 Extra"]
[Source "ChessBase"]
[SourceDate "2006.01.03"]
[SourceVersion "2"]
[SourceVersionDate "2006.01.03"]
[SourceQuality "1"]
[WhiteTeam "3CS Oldham II"]
[BlackTeam "King takes Pawn"]
[WhiteTeamCountry "ENG"]
[BlackTeamCountry "ENG"]

1. e4 c5 2. d4 cxd4 3. c3 dxc3 4. Nxc3 Nc6 5. Nf3 g6 6. Bc4 Bg7 7. Qe2 d6 8. 0-0 Bg4 9. Bxf7+ Kf8 10. Bd5 Nd4 11. Qd3 Nxf3+ 12. gxf3 Bh3 13. Re1 Qd7 14. f4 Qg4+ 15. Qg3 Bxc3 16. bxc3 Rb8 17. Be3 b6 18. Bd4 Nf6 19. f3 Qxg3+ 20. hxg3 h5 21. Rad1 Rh7 22. Bb3 Nd7 23. Kh2 e5 24. fxe5 dxe5 25. Be3 Bf5 26. exf5 gxf5 27. Be6 f4 28. gxf4 exf4 29. Bxf4 Rb7 30. Rg1 Ke7 31. Bf5 Rf7 32. Bg5+ Kf8 33. Be6 Rh7 34. Bh4 Rh8 35. Rxd7 1-0

[Event "BCF-chT3 0405 (4NCL)"]
[Site "Telford"]
[Date "2005.02.27"]
[Round "6.8"]
[White "Powell, Annie"]
[Black "Compston, Michael"]
[Result "1-0"]
[WhiteElo "2026"]
[BlackElo "1835"]
[PlyCount "125"]
[EventDate "2004.11.06"]
[EventType "team"]
[EventRounds "11"]
[EventCountry "ENG"]
[SourceTitle "EXT 2006"]
[Source "ChessBase"]
[SourceDate "2005.11.24"]
[SourceVersion "1"]
[SourceVersionDate "2005.11.24"]
[SourceQuality "1"]
[WhiteTeam "Cambridge"]
[BlackTeam "Numerica 3CS II"]
[WhiteTeamCountry "ENG"]
[BlackTeamCountry "ENG"]

1. e4 d5 2. exd5 Qxd5 3. Nc3 Qa5 4. d4 Nf6 5. Bc4 Bf5 6. Bd2 c6 7. Nf3 e6 8. Qe2 Qc7 9. h3 Nbd7 10. 0-0-0 0-0-0 11. Bb3 h6 12. Ne5 Nxe5 13. dxe5 Nd5 14. f4 Be7 15. Ne4 Kb8 16. c4 Nb4 17. Bc3 Na6 18. Bc2 Bb4 19. Bd4 c5 20. Bf2 Qa5 21. Kb1 Bg6 22. Nd6 Bxc2+ 23. Qxc2 Qc7 24. Rd3 Ba5 25. a3 Rhf8 26. Rhd1 Qc6 27. Bh4 f6 28. Qe2 g5 29. Bg3 f5 30. Qf3 Qxf3 31. Rxf3 Rd7 32. Rfd3 Rfd8 33. Kc2 Bc7 34. Nf7 Rxf7 35. Rxd8+ Bxd8 36. Rxd8+ Kc7 37. Rh8 Rg7 38. Rxh6 gxf4 39. Bxf4 Rxg2+ 40. Kb1 Kd7 41. Rh7+ Kc6 42. h4 Rg4 43. Bg5 f4 44. Rf7 Nb8 45. Rxf4 Rxf4 46. Bxf4 Nd7 47. Kc2 b5 48. b3 Nf8 49. Kd3 a6 50. Ke4 Kd7 51. h5 Ke7 52. Kf3 Kf7 53. Ke4 Kg7 54. Kd3 Nd7 55. cxb5 axb5 56. a4 Nb6 57. axb5 Kf7 58. Be3 Nd7 59. Ke4 Kg7 60. b6 Nxb6 61. Bxc5 Nd7 62. Be3 Kh7 63. b4 1-0

[Event "BCF-chT2 0304 (4NCL)"]
[Site "West Bromwich"]
[Date "2004.05.23"]
[Round "11.8"]
[White "Compston, Michael"]
[Black "Van Kemenade, Julie"]
[Result "0-1"]
[WhiteElo "1400"]
[BlackElo "1680"]
[PlyCount "48"]
[EventDate "2003.11.17"]
[EventType "team"]
[EventRounds "11"]
[EventCountry "ENG"]
[SourceTitle "EXT 2005"]
[Source "ChessBase"]
[SourceDate "2004.11.15"]
[SourceVersion "1"]
[SourceVersionDate "2004.11.15"]
[SourceQuality "1"]
[WhiteTeam "Numerica 3CS II"]
[BlackTeam "White Rose"]
[WhiteTeamCountry "ENG"]
[BlackTeamCountry "ENG"]

1. e4 d6 2. d4 Nf6 3. Nc3 g6 4. Nf3 Bg7 5. Be2 0-0 6. 0-0 Nbd7 7. h3 e5 8. Be3 c6 9. a4 Qe7 10. Qd3 Kh8 11. Nd2 Ne8 12. d5 f5 13. Nc4 f4 14. Bd2 Ndf6 15. Na5 c5 16. Kh1 g5 17. Qb5 g4 18. hxg4 Nxg4 19. Bxg4 Bxg4 20. Qxb7 Qh4+ 21. Kg1 f3 22. Rfc1 fxg2 23. f3 Qh1+ 24. Kf2 Rxf3+ 0-1